000 nam a22 7a 4500
999 _c7814
_d7814
008 171018b xxu||||| |||| 00| 0 eng d
100 _aTayal.B.B.
_94288
245 _aSocial Science-VII
260 _aNew Delhi